|
|
|
|
| LEADER |
01398nam a2200313 a 4500 |
| 001 |
0017825 |
| 003 |
BD-DhAAL |
| 008 |
090701s2008 gw a 000 0 eng d |
| 020 |
|
|
|a 9783938780350 (pbk.)
|
| 020 |
|
|
|a 3938780355 (pbk.)
|
| 040 |
|
|
|a StDuBDS
|b eng
|c StDuBDS
|d Uk
|d BD-DhAAL
|
| 082 |
0 |
4 |
|a 720.943
|2 22
|
| 245 |
1 |
0 |
|a Made in Germany :
|b best of contemporary architecture/
|c edited by Dirk Meyhf̲er.
|
| 260 |
|
|
|a Berlin :
|b Braun,
|c 2008.
|
| 300 |
|
|
|a 216 p. :
|b ill. (chiefly col.) ;
|c 26 cm
|
| 490 |
1 |
|
|a Architects of the third world
|
| 500 |
|
|
|a Formerly CIP.
|5 Uk
|
| 504 |
|
|
|a Includes bibliographical references (pages 65-270).
|
| 526 |
|
|
|a ARC
|x Md. Shajjad Hossain,
Faculty members of the Department of Architecture
|
| 541 |
1 |
|
|e 0017825
|a Zeenat Book Supply LTD
|
| 546 |
|
|
|a Text in English and German.
|
| 650 |
|
0 |
|a Architecture
|z Germany
|y 21st century.
|9 1508
|
| 650 |
|
0 |
|a Architects
|z Germany.
|9 1509
|
| 700 |
1 |
|
|a Meyhofer, Dirk.
|9 1510
|
| 830 |
|
|
|a Architects of the third world
|9 57930
|
| 852 |
4 |
|
|a Ayesha Abed Library
|c General Stacks
|
| 942 |
|
|
|2 ddc
|c BK
|
| 999 |
|
|
|c 1953
|d 1953
|
| 952 |
|
|
|0 0
|1 4
|2 ddc
|4 0
|6 720_943000000000000_MAD
|7 0
|9 1792
|a BRACUL
|b BRACUL
|c GEN
|d 2009-07-02
|e Zeenat Book Supply Limited
|g 3712.00
|l 0
|o 720.943 MAD
|p 3010017825
|r 2016-07-18
|t 1
|w 2009-07-02
|y BK
|x Koha Inventory 2020 ; Requisitioned by Md. Shajjad Hossain (Faculty members of the Department of Architecture).
|